|
|
|
|
| LEADER |
01352nam a2200313 a 4500 |
| 001 |
15831443 |
| 003 |
BD-DhAAL |
| 005 |
20241209140150.0 |
| 008 |
110621s2000 inu b 000 0 eng d |
| 010 |
|
|
|a 2009284635
|
| 020 |
|
|
|a 1879639815
|
| 020 |
|
|
|a 9781879639812
|
| 040 |
|
|
|a BRL
|c BRL
|d ONU
|d LVB
|d QBX
|d OCLCQ
|d BAKER
|d BTCTA
|d YDXCP
|d UW1
|d MTG
|d SINLB
|d DLC
|d BD-DhAAL
|
| 042 |
|
|
|a lccopycat
|
| 082 |
0 |
4 |
|a 370.154
|2 22
|
| 100 |
1 |
|
|a Mendler, Allen N.
|9 253
|
| 245 |
1 |
0 |
|a Motivating students who don't care :
|b successful techniques for educators /
|c Allen N. Mendler.
|
| 246 |
3 |
|
|a Successful techniques for educators
|
| 260 |
|
|
|a Bloomington, IN :
|b National Educational Service,
|c 2000.
|
| 300 |
|
|
|a vii, 69 pages ;
|c 21 cm.
|
| 504 |
|
|
|a Includes bibliographical references (p. 67-68).
|
| 526 |
|
|
|a AAL
|x AAL CFL(Present BIL)
BRAC University.
|
| 541 |
|
|
|a Amazon.com
|e 00018262
|
| 650 |
|
0 |
|a Motivation in education.
|
| 650 |
|
0 |
|a Students
|x Attitudes.
|9 255
|
| 852 |
1 |
|
|a Ayesha Abed Library
|c General Shelf.
|
| 942 |
|
|
|2 ddc
|c BK
|
| 999 |
|
|
|c 10982
|d 10982
|
| 952 |
|
|
|0 0
|1 0
|2 ddc
|4 0
|6 370_154000000000000_MEN
|7 0
|9 17216
|a BRACUL
|b BRACUL
|c GEN
|d 2011-06-21
|e Amazon.com
|g 6190.00
|l 8
|m 147
|o 370.154 MEN
|p 3010018262
|r 2020-02-02
|s 2019-11-19
|t 1
|w 2011-06-21
|y BK
|x Requisitioned by CFL(Present BIL), BRAC University.$51.64 converted from Dollar to Taka on 9.12.2024.
|